| 000 | 02054nam a22003017a 4500 | ||
|---|---|---|---|
| 001 | 1424 | ||
| 005 | 20250530113829.0 | ||
| 020 | _a9789996305627 | ||
| 040 |
_aFISKH _beng _cFISKH _dFISKH |
||
| 082 | _a639.96 | ||
| 100 | _aSarith, Huot | ||
| 245 |
_aសត្វនៅឧទ្យានសួនសត្វ និងមជ្ឈមណ្ឌលសង្រ្គោះសត្វព្រៃ _bភ្នំតាម៉ៅ / _cនិពន្ធដោយ ហួត សារិទ្ធ និង ឃួន វិច្ឆិកា - គូររូបដោយ សេង វិសាល, ទ្រី សម្ផស្ស និង ធន់ ឌីណា - ប្រឹក្សាយោបល់ដោយ ទ្រី ស៊ីថេង |
||
| 250 | _aបោះពុម្ពលើកទី ៤ កក្កដា ២០២១ | ||
| 260 |
_aPhnom Penh : _bSipar, _c2021. |
||
| 300 |
_a35 pages : _bcolor illustrations ; _c25 cm |
||
| 490 | _aស្វែងយល់ពី | ||
| 505 | _aZ | ||
| 520 | _aនៅមជ្ឈមណ្ឌលសង្គ្រោះសត្វព្រៃ ភ្នំតាម៉ៅគេប្រមូលសត្វរងគ្រោះឬ របួសដូចជាដំរី ខ្លាឃ្មុំ ស្វា ខ្លាត្រី សត្វស្លាប និងសត្វស្លាបកម្រ មកព្យាបាល មុននឹងដោះលែងនៅក្នុងព្រៃធម្មជាតិ។ | ||
| 520 | _aAt the Phnom Tamao Wildlife Rescue Center, injured animals such as elephants, bears, monkeys, tigers, fish, birds and rare animals are treated before being released into the wild. | ||
| 521 |
_a890
_bLexile estimate |
||
| 521 |
_aZ
_bRaz-Plus |
||
| 650 |
_aរងរបួស _vព្យាបាល _xព្រលែង |
||
| 650 |
_aInjure _vTreat _xRelease |
||
| 700 |
_aVisal, Seng _cillustrator |
||
| 700 |
_aSamphors, Try _cillustrator |
||
| 700 |
_aDyna, Thon _cillustrator |
||
| 942 |
_2ddc _cBK _n0 |
||
| 999 |
_c1424 _d1424 |
||